| 000 | 03142cam a22006254i 4500 | ||
|---|---|---|---|
| 003 | PE-LiUPU | ||
| 005 | 20250731172706.0 | ||
| 008 | 150617s1998 sp r 000 0 spa d | ||
| 020 | _a9788433013057 | ||
| 035 | _a(Sirsi) a10293 | ||
| 040 |
_aPE-LiUPU _bspa _cPE-LiUPU _erda |
||
| 049 | _aPRUA | ||
| 082 | 0 | 4 |
_a220.5207 _bU141998 _221 |
| 130 |
_aBiblia _lEspañol _sJerusalén _f1967. |
||
| 245 | 1 | 0 |
_aBiblia de Jerusalén / _cJosé Angel Ubieta. |
| 264 | 1 |
_aSalamanca : _bDesclée de brouwer, _c1998. |
|
| 300 |
_a864 páginas ; _c16 centímetros |
||
| 336 |
_atext _2rdacontent |
||
| 337 |
_aunmediated _2rdamedia |
||
| 338 |
_avolume _2rdacarrier |
||
| 500 | _aOtra ed: 1984 (23799); 1969 (12511); 1966 (07374). | ||
| 505 | 0 | _aEl pentateuco -- Los libros históricos -- Los libros poéticos y sapienciales -- Los libros proféticos -- Nuevo Testamento. | |
| 526 | _aSEG42 | ||
| 526 | _aSEG41 | ||
| 526 | _aSEG40 | ||
| 526 | _aSEG39 | ||
| 526 | _aP94 | ||
| 526 | _aP87 | ||
| 526 | _aP86 | ||
| 526 | _aP85 | ||
| 526 | _aP77 | ||
| 526 | _aP76 | ||
| 526 | _aP35 | ||
| 630 |
_aBiblia _lEspañol _sJerusalén _f1967. |
||
| 700 | 1 |
_aUbieta, José Ángel, _edirector. |
|
| 910 |
_ajck _bjvq _cjck _d20150616 |
||
| 942 |
_2ddc _cBOOK |
||
| 949 |
_a220.5207 U14 1998 _wDEWEY _c1 _i23799 _lCCODEBUL1 _mBUL _p25 _r0 _sY _tBOOK _u19980730 _xTEOLOGIA _PP35 _0COMPRA _o.STAFF. Colección Teología |
||
| 949 |
_a220.5207 U14 1998 _wDEWEY _c2 _i54670 _lCCODEBUL1 _mBUL _p25 _r0 _sY _tBOOK _u19980730 _xTEOLOGIA _PP35 _0COMPRA _o.STAFF. Colección Teología |
||
| 949 |
_a220.5207 U14 1998 _wDEWEY _c3 _i50472 _lCCODEBUL1 _mBUL _p25 _r0 _sY _tBOOK _u19980730 _xTEOLOGIA _PP35 _0COMPRA _o.STAFF. Colección Teología |
||
| 949 |
_a220.5207 U14 1998 _wDEWEY _c4 _i07374 _lCCODEBUL1 _mBUL _p25 _r0 _sY _tBOOK _u19980730 _xTEOLOGIA _PP35 _0COMPRA _o.STAFF. Colección Teología |
||
| 949 |
_a220.5207 U14 1998 _wDEWEY _c5 _i12511 _lCCODEBUL1 _mBUL _p25 _r0 _sY _tBOOK _u19980730 _xTEOLOGIA _PP35 _0COMPRA _o.STAFF. Colección Teología |
||
| 994 |
_aC0 _bPEPRU |
||
| 596 | _a1 | ||
| 999 |
_a220.5207 U14 1998 _wDEWEY _c323 _i23799 _d323 _e2019-6-6 _f2021-11-9 _g6 _lCCODEBUL1 _mBUL _n43 _p12.00 _q71 _r0 _sY _tBOOK _u2015-6-17 _xTEOLOGIA _PP35 _0COMPRA _o.STAFF. Colección Teología |
||
| 999 |
_a220.5207 U14 1998 _wDEWEY _c2 _i54670 _lDISCARD _mBUL _r0 _sY _tBOOK _u2015-6-17 _xTEOLOGIA _PP35 _0COMPRA _o.STAFF. Colección General |
||
| 999 |
_a220.5207 U14 1998 _wDEWEY _c3 _i50472 _d2020-1-9 _e2018-5-21 _f2021-11-9 _g5 _lCCODEBUL1 _mBUL _n44 _p12.00 _q32 _r0 _sY _tBOOK _u2015-6-17 _xTEOLOGIA _PP35 _0COMPRA _o.STAFF. Colección Teología |
||
| 999 |
_a220.5207 U14 1998 _wDEWEY _c4 _i07374 _d2019-8-12 _e2018-5-21 _f2021-11-9 _g6 _lCCODEBUL1 _mBUL _n4 _p12.00 _q4 _r0 _sY _tBOOK _u2015-6-17 _xTEOLOGIA _PP35 _0COMPRA _o.STAFF. Colección Teología |
||
| 999 |
_a220.5207 U14 1998 _wDEWEY _c5 _i12511 _d2016-5-30 _e2016-5-26 _lILL _mBUL _n3 _p12.00 _r0 _sY _tBOOK _u2015-6-17 _xTEOLOGIA _PP35 _0COMPRA _o.STAFF. Colección Teología |
||
| 980 |
_81 _gALBERTO SANCHEZ Responsable de Automatización |
||